000 00478nam a2200181Ia 4500
008 230524s9999 xx 000 0 und d
020 _a9788177581027
082 _a653.39
_bALE
100 _aGardon J. Alexander
245 0 _a"Fundamentals of Investments, "
250 _a3RD
260 _aNEW DELHI
_bPearson
_c2008
300 _aXXV;763
500 _aQuantity Number: 10
650 _aManagement
700 _a" William F. Sharpe , Jeffery V. Bailey,,,"
942 _cBK
999 _c43213
_d43213